| 000 | 00825nam a2200253 i 4500 | ||
|---|---|---|---|
| 003 | DO-SdBNP | ||
| 005 | 20231122133539.0 | ||
| 006 | a||||gr|||| 00| 0 | ||
| 007 | ta | ||
| 008 | 110413e2001 dr a 000 0 spa d | ||
| 040 |
_aDO-SdBNP _bspa _cBNPHU _erda |
||
| 082 | 4 |
_a027.77293 _bG943 _222 |
|
| 110 | 2 |
_aInstituto Tecnológico de Santo Domingo (INTEC) : _eautor _b _984526 |
|
| 245 | 1 | 0 | _aGuía de servicios. / |
| 246 | 1 |
_aBiblioteca "Emilio Rodríguez Demorizi" : _bguía de servicios / |
|
| 264 | 1 |
_aSanto Domingo : _bINTEC, _c2001. |
|
| 300 |
_a15 páginas : _bIlustraciones, fotografías, retratos ; _c28 cm. |
||
| 336 |
_2rdacontent _atexto _btxt |
||
| 337 |
_2rdamedia _asin mediación _bn |
||
| 338 |
_2rdacarrier _avolumen _bnc |
||
| 590 | _aInventariado, 2023 / YL | ||
| 910 | _aYLockward | ||
| 942 |
_2ddc _cLF2 |
||
| 999 |
_c55279 _d55279 |
||